I. Iľf - pisateľ i fotograf
Informácia o prezentácii kníh autorov Iľfa a Petrova, ktoré boli vydané v slovenskom jazyku v období rokov 2001-2006 na Slovensku. Prezentácia sa konala v Ruskom centre vedy a kultúry v Bratislave. Po prezentácii odznela informácia o výstave kópií forografií I. Iľfa, ktoré pochádzali z rodinného arc...
Gespeichert in:
| 1. Verfasser: | |
|---|---|
| Format: | Buchkapitel |
| Sprache: | Russisch |
| Schlagworte: | |
| Tags: |
Keine Tags, Fügen Sie das erste Tag hinzu!
|
MARC
| LEADER | 00000naa$a2200000$$$4500 | ||
|---|---|---|---|
| 001 | 0069854 | ||
| 005 | 20240502071837.5 | ||
| 041 | 0 | |a rus | |
| 044 | |a SK | ||
| 245 | 1 | 0 | |a I. Iľf - pisateľ i fotograf |c Irina Dulebová |
| 520 | |a Informácia o prezentácii kníh autorov Iľfa a Petrova, ktoré boli vydané v slovenskom jazyku v období rokov 2001-2006 na Slovensku. Prezentácia sa konala v Ruskom centre vedy a kultúry v Bratislave. Po prezentácii odznela informácia o výstave kópií forografií I. Iľfa, ktoré pochádzali z rodinného archívu. | ||
| 610 | 2 | 0 | |a jazyky cudzie |
| 610 | 2 | 0 | |a literatúra |
| 610 | 2 | 0 | |a kultúra |
| 610 | 2 | 0 | |a umenie |
| 100 | 1 | |a Dulebová, Irina | |